Statistics for Top 10 Formula One Drivers Starting With 'W'

Click here to take the quiz!

General Stats

  • This quiz has been taken 40 times
  • The average score is 4 of 10

Answer Stats

Lp.NationalityCareerDriver% Correct
1Australian2002-2013Mark Webber
100%
6Austrian1997-2007Alex Wurz
68%
2British1973-1985John Watson
54%
5British1981-1993Derek Warwick
38%
9Austrian1991-1995Karl Wendlinger
32%
10German1980-1985Manfred Winkelhock
27%
4American1950-1951Lee Wallard
24%
7Swedish1970-1974Reine Wisell
22%
3American1951-1963Rodger Ward
22%
8British1950-1954Peter Whitehead
14%

Score Distribution

Percentile by Number Answered

Percent of People with Each Score

Your Score History

You have not taken this quiz